College Football - Team Logos: Ivy League - Statistics

General Stats
  • This quiz has been taken 477 times
  • The average score is 7 of 8
Answer Stats
Question Answer % Correct
Choose the Ivy League team:
98%
Choose the Ivy League team:
94%
Choose the Ivy League team:
92%
Choose the Ivy League team:
91%
Choose the Ivy League team:
87%
Choose the Ivy League team:
86%
Choose the Ivy League team:
76%
Choose the Ivy League team:
72%
No matching quizzes found
Score Distribution
Percent of People with Each Score
Percentile by Number Answered
Your Score History
You have not taken this quiz